Land vs. Land #31 - Statistiken

Allgemein
  • Dieses Quiz wurde 25 mal gespielt
  • Das Durchschnittsergebnis liegt bei 13 aus 14
Antwortstatistiken
Frage Antwort % Korrekt
...Fläche? Türkei🇹🇷
100%
...Einwohner? Türkei🇹🇷
100%
...Bruttoinlandsprodukt? Türkei🇹🇷
100%
...Militär? Türkei🇹🇷
100%
...Tourismus? Türkei🇹🇷
100%
...Exportmengen? Türkei🇹🇷
100%
...Gewinner? Türkei🇹🇷
100%
...Frieden? Tonga🇹🇴
91%
...HDI (Human Development Index)? Türkei🇹🇷
87%
...Bruttoinlandsprodukt pro Kopf? Türkei🇹🇷
83%
...Gesundheitswesen? Türkei🇹🇷
83%
...durchschnittlicher IQ? Türkei🇹🇷
83%
...Happy Planet Index? Tonga🇹🇴
74%
...Lebenserwartung? Türkei🇹🇷
52%
Keine übereinstimmenden Quizze gefunden
Verteilung der Resultate
Anzahl Personen mit jedem Resultat
Perzentil nach korrekt beantworteten Fragen
Ihre Resultats-Entwicklung
Sie haben dieses Quiz noch nicht gespielt